Finish the Phrase - Statistics

General Stats
  • This quiz has been taken 80 times
  • The average score is 9 of 15
Answer Stats
Phrase Answer % Correct
Break a __. Leg
95%
Easier said than ___. Done
94%
____ cats and dogs. Rain
80%
Costs an arm ___ a leg. And
79%
When ___ fly Pigs
71%
That's the ____ straw. Last
70%
Cool as a ______. Cucumber
67%
Make __ meet. Ends
67%
Make a long ____ short. Story
67%
Takes two to ___. Tango
65%
__ someone's leg. Pull
45%
Chasing ________. Rainbow's
33%
Lose your ___. Marbles
21%
Hit the ___. Hay|Sack
18%
____ a longbow. Draw
6%
No matching quizzes found
Score Distribution
Percent of People with Each Score
Percentile by Number Answered
Your Score History
You have not taken this quiz